[Event "Classics IMB"]
[Site "Gausdal NOR"]
[Date "2002.04.15"]
[Round "5"]
[White "Jakobsen,L"]
[Black "Moen,A"]
[Result "1-0"]
[WhiteElo "2320"]
[BlackElo "2265"]

1.c4 c6 2.d4 d5 3.Nf3 Nf6 4.Nc3 e6 5.Bg5 h6 6.Bxf6 Qxf6 7.e3 Nd7 8.Bd3 Nb6
9.cxd5 exd5 10.O-O Bg4 11.h3 h5 12.Re1 Bxf3 13.Qxf3 Qxf3 14.gxf3 O-O-O 15.Rab1 c5
16.dxc5 Bxc5 17.Ne2 Kb8 18.Rbc1 Be7 19.Red1 Bf6 20.b3 g6 21.Rc2 Rd6 22.Rcd2 Rhd8
23.Bb1 Kc7 24.Nd4 Bxd4 25.Rxd4 Nc8 26.Kf1 Ne7 27.Ke2 Nc6 28.R4d2 b5 29.f4 b4
30.Bd3 Ne7 31.Rc1+ Rc6 32.Rdc2 Kb6 33.Kd2 Rxc2+ 34.Rxc2 Rc8 35.Rb2 Rc7 36.Rb1 Rc5
37.Rg1 Ra5 38.Bb1 Kc7 39.Kc1 Kd7 40.Kb2 Ke6 41.Rg5 Ra6 42.f5+ Kf6 43.h4 Nxf5
44.Bxf5 gxf5 45.Rxh5 Ke5 46.Rh8 Rg6 47.Rb8 a5 48.a3 Rg2 49.axb4 Rxf2+ 50.Kc3 axb4+
51.Rxb4 f4 52.Rxf4 Rxf4 53.exf4+ Kxf4 54.Kd2 Kg4 55.b4 f5 56.b5  1-0

[Event "XX Open"]
[Site "Metz FRA"]
[Date "2002.04.15"]
[Round "3"]
[White "Shchekachev,A"]
[Black "Boudre,JP"]
[Result "1/2-1/2"]
[WhiteElo "2573"]
[BlackElo "2384"]

1.c4 c6 2.e4 d5 3.exd5 cxd5 4.d4 Nf6 5.Nc3 e6 6.Nf3 Bb4 7.Bd3 dxc4 8.Bxc4 O-O
9.O-O b6 10.Bg5 Bb7 11.Re1 Nbd7 12.Rc1 Rc8 13.Qb3 Bxc3 14.Rxc3 h6 15.Bh4 Rc7
16.Ne5 Nxe5 17.dxe5 Qd4 18.Bxf6 gxf6 19.Bxe6 Rxc3 20.bxc3 Qd2 21.Rd1 Qg5
22.Bd5 Bxd5 23.Qxd5 Qxe5 24.Qf3 f5 25.h3 Rc8 26.Rd5 Qxc3 27.Qxf5 Qe1+ 28.Kh2 Qe6
29.Qd3 Rc5 30.Rd4 Qe5+ 31.g3 h5 32.Kg2 Qe6 33.Rd6 Qe5 34.Rd4 Qe6 35.a3 Kg7
36.Rd6 Qe5 37.h4 Qc3 38.Qd1 Rf5 39.a4 Qb2 40.Qd4+ Qxd4 41.Rxd4  1/2-1/2

[Event "Classics IMB"]
[Site "Gausdal NOR"]
[Date "2002.04.16"]
[Round "7"]
[White "Miezis,N"]
[Black "Moen,A"]
[Result "1-0"]
[WhiteElo "2498"]
[BlackElo "2265"]

1.c4 c6 2.e4 d5 3.exd5 cxd5 4.cxd5 Nf6 5.Nc3 g6 6.Bb5+ Nbd7 7.d4 Bg7 8.d6 e6
9.h4 Qb6 10.Be2 Qxd6 11.h5 Nxh5 12.Bxh5 gxh5 13.Nge2 Nf6 14.Bf4 Qc6 15.Be5 Rg8
16.Qd3 Bd7 17.Nf4 Qa6 18.Qxa6 bxa6 19.f3 Bc6 20.Kf2 Rd8 21.Rae1 Ke7 22.Re2 Rd7
23.Rd1 Nd5 24.Ncxd5+ Bxd5 25.Bxg7 Rxg7 26.Re5 Kd6 27.Nxd5 exd5 28.Rxh5 Rc7
29.Rd2 f6 30.Rf5 Ke6 31.g4 Rg5 32.Re2+ Kf7 33.Rxg5 fxg5 34.Re5 h6 35.Rxd5 Rc2+
36.Ke3 Rxb2 37.Rd6 Rxa2 38.Rxh6 Ra1 39.Ke4 Re1+ 40.Kf5 Re3 41.Rf6+  1-0

[Event "1st It"]
[Site "Asuncion PAR"]
[Date "2002.04.17"]
[Round "9"]
[White "Butti,E"]
[Black "Sosa Harrison,J"]
[Result "1-0"]
[WhiteElo "2238"]
[BlackElo "2285"]

1.c4 c6 2.e4 d5 3.exd5 cxd5 4.d4 Nf6 5.Nc3 Nc6 6.Bg5 dxc4 7.d5 Ne5 8.Bxc4 Nxc4
9.Qa4+ Bd7 10.Qxc4 Rc8 11.Qd4 Qa5 12.Ne2 h6 13.Bxf6 gxf6 14.O-O Rg8 15.Ng3 Qc5
16.Qd2 Qb4 17.Rfe1 f5 18.d6 Rg5 19.dxe7 Bxe7 20.Rad1 Rd8 21.a3 Qc5 22.b4 Qc8
23.Rxe7+ Kxe7 24.Qd6+ Ke8 25.Nd5  1-0

[Event "chJ-POL g20"]
[Site "Trzebinia POL"]
[Date "2002.04.17"]
[Round "8"]
[White "Pokojska,D"]
[Black "Matras,A"]
[Result "1/2-1/2"]
[WhiteElo "2082"]
[BlackElo "2218"]

1.c4 c6 2.d4 d5 3.cxd5 cxd5 4.Nc3 Nf6 5.Nf3 Nc6 6.e3 Bg4 7.Bb5 Bd7 8.O-O e6
9.Bd2 Bd6 10.Rc1 O-O 11.Na4 Ne4 12.Nc5 Bxc5 13.dxc5 Qe7 14.Bxc6 Bxc6 15.Nd4 Rfc8
16.b4 e5 17.Nxc6 Rxc6 18.f3 Ng5 19.Bc3 Rd8 20.b5 Rh6 21.c6 d4  1/2-1/2

[Event "TCh-ISR"]
[Site "ISR"]
[Date "2002.04.19"]
[Round "9"]
[White "Soffer,R"]
[Black "Shevelev,A"]
[Result "1-0"]
[WhiteElo "2487"]
[BlackElo "2348"]

1.c4 c6 2.Nf3 Nf6 3.b3 d5 4.Bb2 Bf5 5.g3 e6 6.Bg2 a5 7.a3 Nbd7 8.O-O Be7
9.d3 O-O 10.Nbd2 h6 11.Ra2 Nc5 12.Qa1 a4 13.b4 Nb3 14.Qd1 Nxd2 15.Nxd2 Ne8
16.Qa1 Bf6 17.Bxf6 Nxf6 18.Rc1 Re8 19.Nf3 dxc4 20.dxc4 Be4 21.Rd2 Qc7 22.Qe5 Rac8
23.Qxc7 Rxc7 24.Ne5 Bxg2 25.Kxg2 Kf8 26.f3 Ke7 27.Rcd1 b5 28.e4 bxc4 29.Rd4 c3
30.Rc4 Rec8 31.Rxc3 Nd7 32.Rxd7+ Rxd7 33.Nxd7 Kxd7 34.Rc5 Kc7 35.Kf2 Kb6
36.Ke2 f6 37.Ra5 c5 38.Rxa4 e5 39.bxc5+ Rxc5 40.Rb4+ Kc6 41.Kd3 Ra5 42.a4 Kc5
43.Kc3 h5 44.Rc4+ Kb6 45.Kb4 Ra8 46.Rc3 Rd8 47.a5+ Ka6 48.Rc6+ Kb7 49.Re6 Rd2
50.Re7+ Ka6 51.Rxg7 Rb2+ 52.Kc5 Rxh2 53.Rf7 Rg2 54.Rxf6+ Kxa5 55.Kd5 Rxg3
56.Kxe5 h4 57.Kf4 Kb5 58.Rh6 Rh3 59.Kg4 Rg3+ 60.Kf4 Rh3 61.e5 Kc5 62.Kg4 Rg3+
63.Kf4 Rh3 64.Ke4 Rh1 65.f4 h3 66.Kf3 Rf1+ 67.Kg4 Kd5 68.Rxh3 Ke4 69.e6 Rxf4+
70.Kg5 Rf5+ 71.Kg6 Re5 72.Kf7 Rf5+ 73.Ke8 Ke5 74.e7 Kf6 75.Rh6+ Kg7 76.Rd6 Re5
77.Kd8 Kf7 78.Rd7  1-0

[Event "TCh-ISR"]
[Site "ISR"]
[Date "2002.04.19"]
[Round "9"]
[White "Manor,I"]
[Black "Postny,E"]
[Result "1/2-1/2"]
[WhiteElo "2502"]
[BlackElo "2491"]

1.c4 c6 2.d4 d5 3.Nf3 Nf6 4.cxd5 cxd5 5.Nc3 Nc6 6.Bf4 Bf5 7.e3 e6 8.Ne5 Nd7
9.Bb5 Ncxe5 10.Bxe5 a6 11.Bxd7+ Qxd7 12.O-O Rc8 13.Qb3 f6 14.Bg3 Be7 15.Rfc1 O-O
16.Na4 Rxc1+ 17.Rxc1 Rc8 18.Rxc8+ Qxc8 19.Nc5 Bxc5 20.Qc3 e5 21.Qxc5 Qxc5
22.dxc5 Kf7 23.Kf1 Ke6 24.Ke2 Bb1 25.a3 Ba2 26.f4 Kf5 27.fxe5 fxe5 28.Kf3 Bb3
29.e4+ dxe4+ 30.Ke3 Ke6 31.Be1 Kd5 32.Bc3 Bc4 33.g3  1/2-1/2

[Event "ch-YUG w"]
[Site "Kotor YUG"]
[Date "2002.04.23"]
[Round "10"]
[White "Kostic,M"]
[Black "Drljevic,L"]
[Result "1-0"]
[WhiteElo "2170"]
[BlackElo "2125"]

1.c4 c6 2.Nc3 d5 3.cxd5 cxd5 4.d4 Nc6 5.Nf3 Nf6 6.Bf4 a6 7.e3 Bf5 8.Ne5 e6
9.Qa4 Qb6 10.Nxc6 bxc6 11.Be2 Be7 12.O-O O-O 13.Qb3 Qxb3 14.axb3 a5 15.Rfc1 Rfc8
16.Na4 Nd7 17.g4 Bg6 18.Bg3 Bb4 19.h4 h5 20.gxh5 Bf5 21.Kh2 Be7 22.Kg2 Kh7
23.Bf4 Bxh4 24.Bd6 Bd8 25.Rc3 Nf6 26.Nc5 Bb6 27.Bf4 Ra7 28.Na4 Bd8 29.Rac1 Ne4
30.Rxc6 Rxc6 31.Rxc6 Rb7 32.Bd1 Nd2 33.Nc5 Rb5 34.f3 Bf6 35.e4 dxe4 36.Bxd2 exf3+
37.Bxf3 Bxd4 38.Ne4 f6 39.Nd6 Rxb3 40.Nxf5 exf5 41.Bc3 Be5 42.Bd5 Rb5 43.Bc4 Rb8
44.Bf7 Rb5 45.Bg6+ Kh6 46.Bf7 Kg5 47.Kf3 Rb7 48.Be8 Rb8 49.Re6 Bxc3 50.bxc3 Rc8
51.Re3 f4 52.Bd7 Rd8 53.Re7 a4 54.Rxg7+ Kh6 55.Rg6+ Kxh5 56.Bf5 Rd1 57.Kxf4 Rf1+
58.Ke4 Rc1 59.Rg3 a3 60.Be6 Kh4 61.Kf4 Rf1+ 62.Rf3 Rh1 63.Rf2 Kh5 64.Bg4+ Kg6
65.Ra2 Rf1+ 66.Bf3 Re1 67.Rxa3 Re5 68.Ra6 Rc5 69.Rc6 Rf5+ 70.Ke3 Kg5 71.Be4 Re5
72.Kd4  1-0

[Event "Bundesliga 2001-2"]
[Site "Hamburg GER"]
[Date "2002.04.27"]
[Round "14"]
[White "Hochgraefe,M"]
[Black "Haba,P"]
[Result "1/2-1/2"]
[WhiteElo "2334"]
[BlackElo "2496"]

1.c4 c6 2.d4 d5 3.Nf3 Nf6 4.Nc3 dxc4 5.a4 Bf5 6.Ne5 Nbd7 7.Nxc4 Qc7 8.g3 e5
9.dxe5 Nxe5 10.Bf4 Nfd7 11.Bg2 f6 12.O-O Nc5 13.Nxe5 fxe5 14.Be3 Rd8 15.Qe1 Nb3
16.Rd1 Nd4 17.f4 Nc2 18.Qf2 Rxd1 19.Rxd1 Nxe3 20.Qxe3 Qb6  1/2-1/2

[Event "TSGM April"]
[Site "Belgrade YUG"]
[Date "2002.04.28"]
[Round "9"]
[White "Nyback,T"]
[Black "Stojanovic,Mih"]
[Result "1/2-1/2"]
[WhiteElo "2420"]
[BlackElo "2453"]

1.c4 c6 2.e4 d5 3.exd5 cxd5 4.cxd5 Nf6 5.Bb5+ Nbd7 6.Nc3 g6 7.d4 Bg7 8.d6 e6
9.Nf3 O-O 10.O-O Nb6 11.Bf4 Nh5 12.Qd2 a6 13.Be2 Nxf4 14.Qxf4 Bd7 15.Ne5 Be8
16.Ne4 Nd5 17.Qd2 f6 18.Nf3 Bc6 19.Rfe1 Re8 20.Bc4 b6 21.Rac1 Bb7 22.Bb3 f5
23.Nc3 Qxd6 24.Nxd5 Bxd5 25.Bxd5 Qxd5 26.Qb4 b5 27.b3 Rad8 28.h3 Bxd4 29.Nxd4 Qxd4
30.Qxd4 Rxd4 31.Rc6 a5 32.Rb6 b4 33.Rb7 Red8 34.Rxe6 R8d7 35.Rxd7 Rxd7 36.Ra6 Rd1+
37.Kh2 Rd2 38.Rxa5 Rxf2 39.Ra4 Kg7 40.Kg3 Rc2 41.Rxb4 Rxa2 42.Rb7+ Kh6 43.b4 Rb2
44.b5 g5 45.b6 Kg6 46.Rb8 Kh5 47.Kf3 Kh4 48.b7 f4 49.Ke4 h6 50.Kf3 Rb3+ 51.Kf2 Rb2+
52.Kf3 h5 53.Ke4 Rb4+ 54.Kf5 Rb5+ 55.Ke4 Rb4+  1/2-1/2

[Event "TSGM April"]
[Site "Belgrade YUG"]
[Date "2002.04.30"]
[Round "11"]
[White "Nyback,T"]
[Black "Payen,A"]
[Result "1/2-1/2"]
[WhiteElo "2420"]
[BlackElo "2356"]

1.c4 c6 2.e4 d5 3.cxd5 cxd5 4.exd5 Qxd5 5.Nc3 Qa5 6.d4 Nf6 7.Bc4 e6 8.Nf3 Be7
9.O-O O-O 10.Re1 Nc6 11.d5 exd5 12.Nxd5 Nxd5 13.Qxd5 Qxd5 14.Bxd5 Bf6 15.Bf4 Bf5
16.Bxc6 bxc6 17.Be5 Rfd8 18.Bxf6 gxf6 19.Rac1 Be6 20.b3 a5 21.Rxc6 a4 22.Rb6 axb3
23.axb3 Ra3 24.b4 Rb3 25.h4 Rb2 26.Rc1  1/2-1/2

[Event "ch-PHI"]
[Site "Makati PHI"]
[Date "2002.05.03"]
[Round "11"]
[White "Nadera,B"]
[Black "Villamayor,B"]
[Result "1-0"]
[WhiteElo "2404"]
[BlackElo "2514"]

1.c4 c6 2.d4 d5 3.cxd5 cxd5 4.Nc3 Nc6 5.Bf4 Nf6 6.e3 a6 7.a3 Bf5 8.Rc1 Rc8
9.Nf3 e6 10.Be2 Be7 11.Nd2 h6 12.O-O O-O 13.b4 a5 14.b5 Nb8 15.Qb3 Bd6 16.Na4 Bxf4
17.exf4 Qd6 18.g3 b6 19.Qb2 Nbd7 20.Rfe1 Be4 21.f3 Bf5 22.Nf1 g5 23.fxg5 hxg5
24.Ne3 Bg6 25.Bf1 e5 26.Bh3 Rxc1 27.Qxc1 g4 28.Bxg4 Nxg4 29.Nxg4 exd4 30.Qc6 Qxa3
31.Qxd7 Qxa4 32.Qxd5 Qb4 33.Nf6+ Kh8 34.Qe5 Qc5 35.Qf4 d3+ 36.Kh1 Kg7 37.Ng4 Qc3
38.Qh6+ Kg8 39.Re5  1-0

[Event "TCh-NOR Finals"]
[Site "Oslo NOR"]
[Date "2002.05.10"]
[Round "3"]
[White "Trygstad,K"]
[Black "Thorstensen,T"]
[Result "0-1"]
[WhiteElo "2313"]
[BlackElo "2225"]

1.c4 c6 2.g3 d5 3.Nf3 Nf6 4.b3 Bg4 5.Bg2 Nbd7 6.Bb2 e6 7.O-O Be7 8.d4 O-O
9.Nbd2 Qa5 10.a3 Rad8 11.b4 Qc7 12.Rc1 a5 13.cxd5 exd5 14.b5 Qb6 15.bxc6 Qxb2
16.cxd7 Qxa3 17.Ra1 Qb4 18.Rb1 Qd6 19.Rxb7 Qa6 20.Rb1 Bxd7 21.Ne5 Bb5 22.Bf3 Bb4
23.Nb3 Ne4 24.Rb2 Nc3 25.Qc2 Rc8 26.Nc5 Qd6 27.Ned3 Na4 28.Nxb4 Nxb2 29.Qxb2 axb4
30.Qxb4 Bc4 31.Rd1 Rb8 32.Qc3 Rfe8 33.e4 dxe4 34.Nxe4 Qa6 35.Nc5 Qb5 36.Rc1 Be2
37.Bd5 Qb2 38.Qxb2 Rxb2 39.Bc6 Reb8 40.Kg2 Rd2 41.d5 f5 42.Bd7 g6 43.Be6+ Kg7
44.Ra1 Rbb2 45.Ra7+ Kf6 46.Nd7+ Ke7 47.Ne5+ Kd6 48.Nf7+ Kc5 49.Rc7+ Kb6 50.Rc6+ Kb5
51.Nd6+ Ka5 52.Rc3 Kb4 53.Rc8 Bb5 54.Kf3 Rxf2+ 55.Ke3 Rbe2+ 56.Kd4 Rf3 57.Nxb5 Re4+  0-1

[Event "Croatian Cup"]
[Site "Pula CRO"]
[Date "2002.05.10"]
[Round "4"]
[White "Rezan,S"]
[Black "Petrov,J"]
[Result "1/2-1/2"]
[WhiteElo "2392"]
[BlackElo "2435"]

1.c4 c6 2.d4 d5 3.Nc3 Nf6 4.Nf3 dxc4 5.a4 Bf5 6.Nh4 e6 7.Nxf5 exf5 8.e3 Bb4
9.Bxc4 O-O 10.O-O a5 11.f3 Re8 12.e4 c5 13.Nd5 Nxd5 14.Bxd5 Nc6 15.dxc5 Bxc5+
16.Kh1 Qf6 17.Bd2 Nb4 18.Bxb4 Bxb4 19.Bxb7 Rab8 20.Bd5 Bd6 21.b3 Qh6 22.f4 Bxf4
23.h3 Red8 24.Qf3 g5 25.Rfd1  1/2-1/2

[Event "Capablanca Mem Premier I"]
[Site "Havana CUB"]
[Date "2002.05.14"]
[Round "8"]
[White "Franco Ocampos,Z"]
[Black "Perez,Rod"]
[Result "1/2-1/2"]
[WhiteElo "2510"]
[BlackElo "2425"]

1.c4 c6 2.e4 d5 3.exd5 Nf6 4.Nc3 cxd5 5.d4 e6 6.Nf3 Be7 7.cxd5 Nxd5 8.Bd3 Nc6
9.O-O O-O 10.Re1 Nf6 11.a3 b6 12.Bc2 Ba6 13.Bf4 Rc8 14.Bg3 g6 15.Qd2 Nh5
16.d5 exd5 17.Nxd5 Nxg3 18.hxg3 Bf6 19.Rad1 Bc4 20.Be4 Bxd5 21.Bxd5 Nd4 22.Be4  1/2-1/2

[Event "2nd NAO Masters"]
[Site "Paris FRA"]
[Date "2002.05.14"]
[Round "2"]
[White "Marcelin,C"]
[Black "Midoux,S"]
[Result "1-0"]
[WhiteElo "2452"]
[BlackElo "2288"]

1.c4 c6 2.d4 d5 3.Nc3 Nf6 4.e3 a6 5.Nf3 g6 6.Be2 Bg7 7.O-O O-O 8.a4 Bg4 9.Qb3 Ra7
10.a5 e6 11.h3 Bxf3 12.Bxf3 Nbd7 13.Rd1 Qe7 14.Bd2 Re8 15.Be1 Bf8 16.Na4 Qd8
17.Bb4 Bxb4 18.Qxb4 dxc4 19.Nc3 Qe7 20.Qxc4 c5 21.Na4 cxd4 22.Qxd4 Raa8 23.Bxb7 Rad8
24.Qd6 Nb8 25.Qxe7 Rxd1+ 26.Rxd1 Rxe7 27.Rd8+ Re8 28.Rd6 Kg7 29.Nc5 Re7 30.Bxa6 Rc7
31.b4 Nd5 32.Rd8 Nxa6 33.Nxa6 Rb7 34.Rb8 Rxb8 35.Nxb8 Nxb4 36.e4  1-0

[Event "2nd NAO Masters"]
[Site "Paris FRA"]
[Date "2002.05.16"]
[Round "4"]
[White "Serafimov,T"]
[Black "Bonnet,E1"]
[Result "0-1"]
[WhiteElo "2284"]
[BlackElo "2194"]

1.c4 c6 2.g3 d5 3.Nf3 Nf6 4.b3 Qb6 5.Bg2 e5 6.O-O e4 7.Ne1 h5 8.cxd5 cxd5
9.d3 Bc5 10.Nc3 e3 11.Bxe3 Bxe3 12.fxe3 Qxe3+ 13.Kh1 h4 14.Qc1 Qxc1 15.Rxc1 Be6
16.Nb5 Na6 17.gxh4 Rxh4 18.Nf3 Rh5 19.Nd6+ Kd7 20.Nxb7 Ng4 21.Nc5+ Nxc5 22.Rxc5 Nxh2
23.Nxh2 Rah8 24.Kg1 Rxh2 25.Ra5 g5 26.Rxa7+ Kd6 27.d4 R2h4 28.Rd1 Rc8 29.Kf2 Rc2
30.Ke3 Rh2 31.Kd3 Bf5+ 32.e4 Rcxg2  0-1

[Event "9th RUS-chT"]
[Site "Ekaterinburg RUS"]
[Date "2002.05.17"]
[Round "1"]
[White "Vaulin,A"]
[Black "Tolstikh,N"]
[Result "1/2-1/2"]
[WhiteElo "2560"]
[BlackElo "2480"]

1.c4 c6 2.Nf3 d5 3.e3 Nf6 4.Nc3 e6 5.b3 Nbd7 6.Bb2 Bd6 7.d4 O-O 8.Bd3 dxc4
9.bxc4 e5 10.O-O Re8 11.Qc2 exd4 12.exd4 Nf8 13.Rfe1 Rxe1+ 14.Rxe1 Be6 15.Ne4 Nxe4
16.Bxe4 Qa5 17.Bc3 Bb4 18.Bxb4 Qxb4 19.d5 cxd5 20.cxd5 Bg4 21.Rb1 Qe7 22.h3 Bh5
23.Re1 Qd6 24.Qb2 Bxf3 25.Bxf3 b6 26.Rc1 Re8 27.g3 Nd7 28.Rc6 Qb8 29.Qd4  1/2-1/2

[Event "KNSB-beker"]
[Site "Hengelo NED"]
[Date "2002.05.18"]
[Round "1"]
[White "Van der Elburg,F"]
[Black "Strating,S"]
[Result "1/2-1/2"]
[WhiteElo "2263"]
[BlackElo "2303"]

1.c4 c6 2.Nf3 d5 3.b3 Nf6 4.g3 e6 5.Bg2 Nbd7 6.Bb2 b5 7.O-O Be7 8.d3 O-O
9.e4 bxc4 10.e5 Ne8 11.dxc4 a5 12.a3 Rb8 13.Qc2 Qb6 14.Nbd2 Ba6 15.Bd4 c5
16.Be3 g6 17.Rfe1 Ng7 18.g4 f5 19.exf6 Nxf6 20.h3 Bd6 21.Bh6 Rbe8 22.Ne5 Qc7
23.f4 Bb7 24.Qd3 d4 25.Bxb7 Qxb7 26.Bg5 Qc7 27.Re2 Rb8 28.Rae1 Bxe5 29.fxe5 Nd7
30.Qg3 Rf7 31.Qh4 a4 32.bxa4 Rb2 33.Qg3 Qb7 34.Qg2 Qb8 35.Qc6 d3 36.Rf2 Rxf2
37.Kxf2 Nxe5 38.Qxc5 Nf7 39.Kg2 e5 40.Be3 Qb7+ 41.Qd5 Qxd5+ 42.cxd5 Nd6 43.Kf3 Nge8
44.Ne4 Rb3 45.Rd1 Nc4 46.Nc5 Rxa3 47.Rxd3 Ra1 48.Ne4 Ned6 49.Nxd6 Nxd6 50.Rd2 Rxa4
51.Rc2 Nc4 52.Bc5 Kf7 53.Ke2 e4 54.g5 Ke8 55.Kf2 Kd7 56.Kg3 Ne5 57.Rc3 Ra5
58.h4 Nd3 59.Bb6 Rxd5 60.Rc7+ Ke6 61.Rxh7 Ne5 62.Kf4 Rb5 63.Bd8 Nf7 64.Bf6 Rb4
65.Rg7 e3+ 66.Kxe3 Rxh4 67.Rxg6 Kf5 68.Rg7 Nxg5 69.Bxg5 Rg4  1/2-1/2

[Event "2nd NAO Masters"]
[Site "Paris FRA"]
[Date "2002.05.18"]
[Round "6"]
[White "Marcelin,C"]
[Black "Bonnet,E1"]
[Result "1-0"]
[WhiteElo "2452"]
[BlackElo "2194"]

1.c4 c6 2.e4 d5 3.exd5 cxd5 4.d4 Nf6 5.Nc3 Nc6 6.Bg5 Be6 7.a3 Qd7 8.Rc1 O-O-O
9.c5 Ne4 10.Be3 Bg4 11.f3 Nxc3 12.Rxc3 Bf5 13.b4 e5 14.Bb5 exd4 15.Bxd4 a6
16.Ba4 Qe6+ 17.Ne2 Nxd4 18.Qxd4 Be7 19.Re3 Qf6 20.c6 bxc6 21.Qa7 Rhe8 22.Qxa6+ Kc7
23.Qa7+ Kc8 24.O-O d4 25.Rc1 dxe3 26.Qa6+ Kd7 27.Rxc6  1-0

[Event "Open"]
[Site "Pula CRO"]
[Date "2002.05.18"]
[Round "8"]
[White "Rukavina,J"]
[Black "Kekic,A"]
[Result "1/2-1/2"]
[WhiteElo "2368"]
[BlackElo "2184"]

1.c4 c6 2.Nf3 d5 3.d4 Nf6 4.e3 e6 5.Nbd2 Nbd7 6.Bd3 Bd6 7.O-O e5 8.cxd5 cxd5
9.dxe5 Nxe5 10.Nxe5 Bxe5 11.Nf3 Bd6 12.Qa4+ Kf8 13.Bd2 g6 14.Bc3 Kg7 15.Rfd1 Rf8
16.Bc2 Be6 17.e4 dxe4 18.Ng5 Bf5 19.Nxe4 Bxe4 20.Bxe4 Qc7 21.Qd4 Be7 22.Qd5 Qxc3
23.bxc3 Nxd5 24.Rxd5 Bf6 25.Rd7 Rad8 26.Rad1 b6 27.f3 a5 28.c4 Rxd7 29.Rxd7 Rd8
30.Rxd8 Bxd8 31.Kf2 f5 32.Bd5 Bc7 33.g3 f4 34.g4 Kf6 35.h4 g5 36.hxg5+ Kxg5
37.Ke2 Bd6 38.Kd3 Bc5 39.Ke4 h6 40.Ke5 Bg1  1/2-1/2

[Event "Spring"]
[Site "Tel Aviv ISR"]
[Date "2002.05.22"]
[Round "4"]
[White "Lerner,K"]
[Black "Kudischewitsch,D"]
[Result "1-0"]
[WhiteElo "2559"]
[BlackElo "2376"]

1.c4 c6 2.e4 d5 3.exd5 cxd5 4.cxd5 Nf6 5.Nc3 Nxd5 6.Nf3 e6 7.d4 Be7 8.Bc4 Nxc3
9.bxc3 O-O 10.O-O Qc7 11.Qd3 Nd7 12.Bb3 Qa5 13.Re1 Rd8 14.Qe3 Nf6 15.Bd2 Bd7
16.Ne5 Be8 17.Qh3 Qa3 18.f4 Nd5 19.f5 exf5 20.Qxf5 Qd6 21.Ng4 Nf6 22.Bf4 Qd7
23.Qxd7 Rxd7 24.Ba4 Rdd8 25.Rxe7 Bxa4 26.Nxf6+ gxf6 27.Rxb7 Rdc8 28.Rc1 Bc6
29.Re7 Bd5 30.a4 Rc4 31.Bh6 f5 32.Rce1 Be4 33.d5 Rxc3 34.d6 Rcc8 35.d7 Rd8
36.Re3  1-0

[Event "IHEM"]
[Site "Hamburg GER"]
[Date "2002.05.23"]
[Round "6"]
[White "Jacoby,G"]
[Black "Voigt,Ma"]
[Result "1-0"]
[WhiteElo "2275"]
[BlackElo "2298"]

1.c4 c6 2.e4 d5 3.cxd5 cxd5 4.exd5 Nf6 5.Bb5+ Nbd7 6.Nc3 g6 7.d4 Bg7 8.d6 exd6
9.Qe2+ Qe7 10.Bf4 d5 11.O-O-O a6 12.Re1 Qxe2 13.Bxe2 O-O 14.Bf3 Ne4 15.Nxe4 dxe4
16.Rxe4 Nb6 17.Bd6 Bf5 18.Bxf8 Kxf8 19.Ne2 Nc4 20.b3 Bxe4 21.Bxe4 Re8 22.bxc4 Rxe4
23.Kd2 Re7 24.Rb1 Rd7 25.Kd3 Bf6 26.c5 Bd8 27.Kc4 Ke7 28.Nc3 Ba5 29.Nd5+ Ke6
30.Rb3 f5 31.Nf4+ Kf6 32.d5 g5 33.Ne6 f4 34.g4 Ke5 35.Rb2 h6 36.Re2+ Kf6
37.Nd4 Re7 38.Rxe7 Kxe7 39.Nf5+ Kf6 40.f3 h5 41.h3 hxg4 42.hxg4 Ke5 43.Nd4 b5+
44.cxb6 Bxb6 45.Ne6 Kf6 46.Nc5 Bxc5 47.Kxc5 Ke7 48.Kc6 Kd8 49.Kd6  1-0

[Event "Elekes Mem GM"]
[Site "Budapest HUN"]
[Date "2002.05.25"]
[Round "8"]
[White "Weiss,C"]
[Black "Postny,E"]
[Result "1/2-1/2"]
[WhiteElo "2409"]
[BlackElo "2482"]

1.c4 c6 2.e4 d5 3.exd5 cxd5 4.d4 Nf6 5.Nc3 g6 6.cxd5 Nxd5 7.Bc4 Nb6 8.Bb3 Bg7
9.Nf3 O-O 10.O-O Nc6 11.d5 Na5 12.Re1 Bg4 13.h3 Bxf3 14.Qxf3 Qd7 15.Bg5 Nxb3
16.axb3 Rfe8 17.Re2 Bxc3 18.bxc3 Qxd5 19.Qxd5 Nxd5 20.c4 f6 21.cxd5 fxg5
22.Rc1 a5 23.Rc7 b5 24.Rb7 a4 25.Rxb5 a3 26.Ra2 Ra6 27.b4 Rea8 28.Kf1 Kf7
29.Ke2 Ke8 30.Kd3 Kd7  1/2-1/2

[Event "ch-CZE"]
[Site "Ostrava CZE"]
[Date "2002.05.26"]
[Round "11"]
[White "Berezjuk,S"]
[Black "Haba,P"]
[Result "1-0"]
[WhiteElo "2430"]
[BlackElo "2493"]

1.c4 c6 2.d4 d5 3.Nf3 Nf6 4.e3 Bf5 5.Nc3 e6 6.Nh4 Bg4 7.Qb3 Qb6 8.h3 Bh5
9.g4 Bg6 10.Nxg6 hxg6 11.Bg2 Nbd7 12.Bd2 Be7 13.g5 Nh5 14.h4 Qxb3 15.axb3 f5
16.cxd5 exd5 17.Ne2 a6 18.f4 Bd6 19.Kf2 Nf8 20.Nc1 Ne6 21.Nd3 Kd7 22.Bf3 Nc7
23.Bb4 Bxb4 24.Nxb4 Rae8 25.Nd3 Kc8 26.Ne5 Rxe5 27.dxe5 Ne6 28.Rac1 Kb8 29.Rcd1 Rd8
30.Rd2 Nc5 31.Rhd1 Ne4+ 32.Bxe4 fxe4 33.b4 Kc7 34.b5 axb5 35.Ra1 b4 36.b3 Kb6
37.Rda2 d4 38.Rd2 Nxf4 39.Rxd4 Nd5 40.Rxe4 Kc7 41.Kg2 Re8 42.Rf1 Re7 43.e6 Kd6
44.Rf7 b5 45.Rxe7 Kxe7 46.Kf3 Nc7 47.Rxb4 Nxe6 48.Rg4 Kd6 49.b4 c5 50.bxc5+ Kxc5
51.Ke2 Kd5 52.Kd3 Ke5 53.Rb4 Nc7 54.Rf4 Ke6 55.Kd4 Nd5 56.Rf8 Ne7 57.e4 Kd6  1-0

[Event "3rd EIWCh"]
[Site "Varna BUL"]
[Date "2002.05.28"]
[Round "2"]
[White "Raeva,E"]
[Black "Hlgatian,G"]
[Result "0-1"]
[WhiteElo "2101"]
[BlackElo "2239"]

1.c4 c6 2.b3 d5 3.Bb2 Bf5 4.d3 f6 5.g3 e5 6.Bg2 Bb4+ 7.Nd2 Ne7 8.Nf3 Qd7
9.a3 Bxd2+ 10.Nxd2 Bh3 11.Bf3 O-O 12.Rg1 Bg4 13.e4 Bxf3 14.Qxf3 Na6 15.b4 b5
16.exd5 cxd5 17.c5 d4 18.g4 Nc7 19.Ne4 Ned5 20.Bc1 a5 21.Rb1 axb4 22.axb4 Ra4
23.Bd2 Ne6 24.g5 f5 25.Nd6 Nef4 26.g6 hxg6 27.Rxg6 Ra3 28.Rg5 Rxd3 29.Qh1 e4
30.Qf1 Qe6 31.Nxb5 e3 32.fxe3 Nxe3 33.Nc7 Nxf1+ 34.Nxe6 Nxe6 35.Kxf1 Rxd2
36.Rh5 Nf4 37.Rh4 g5 38.Rh6 Kg7 39.Ra6 Rxh2  0-1

[Event "FSIM June"]
[Site "Budapest HUN"]
[Date "2002.06.02"]
[Round "2"]
[White "Farago,S"]
[Black "Alfred,N"]
[Result "1-0"]
[WhiteElo "2286"]
[BlackElo "2246"]

1.c4 c6 2.Nf3 d5 3.b3 Nf6 4.Bb2 Bg4 5.Ne5 Bh5 6.d3 Nbd7 7.Nd2 e6 8.Nxd7 Nxd7
9.g3 f6 10.Bg2 Bd6 11.O-O O-O 12.Nf3 Re8 13.Qc2 a5 14.a3 Qe7 15.Rfe1 Nc5
16.Nd4 dxc4 17.bxc4 Qc7 18.e4 e5 19.Nf5 a4 20.Nxd6 Qxd6 21.Re3 Red8 22.Bf1 Rd7
23.f3 Nb3 24.Rae1 Qc5 25.Qf2 Rad8 26.f4 Nd4 27.Bh3 Rd6 28.Bf1 Qb6 29.Kg2 c5
30.h3 Qb3 31.Rc1 Rb6 32.Bc3 Qxa3 33.Ree1 Ra6 34.g4 Bg6 35.g5 Qb3 36.f5 Bf7
37.h4 a3 38.gxf6 Rxf6 39.Bd2 Nc2 40.Red1 a2 41.Bg5 a1=Q 42.Rxa1 Nxa1 43.Rxa1 Rfd6
44.Bxd8 Rxd8 45.Re1 Qc3 46.Re3 Ra8 47.Rg3 Ra1 48.Qxc5 Qd2+ 49.Qf2 Qc1 50.f6 g6
51.Qf5 Ra2+ 52.Kg1 Ra8 53.h5 Qe1 54.Qf2 Qd1 55.hxg6 hxg6 56.Qf5 Qe1 57.Rxg6+ Kf8
58.Rg2 Qe3+ 59.Qf2 Qxf2+ 60.Rxf2 Be6 61.Rb2 Ra7 62.Rb5 Kf7 63.Rxe5 Kxf6 64.Rb5 Ra1
65.Kf2 Ra2+ 66.Ke3 Bg4 67.Rb6+ Kg5 68.Rxb7  1-0

[Event "TCh-BIH"]
[Site "Neum BIH"]
[Date "2002.06.03"]
[Round "3"]
[White "Dizdarevic,E"]
[Black "Glavas,D"]
[Result "1-0"]
[WhiteElo "2526"]
[BlackElo "2273"]

1.c4 c6 2.Nf3 d5 3.e3 Nf6 4.Nc3 a6 5.h3 b5 6.b3 Bf5 7.Be2 Nbd7 8.Nd4 Be4
9.Nxc6 Qc7 10.Nxe4 Qxc6 11.Nxf6+ Qxf6 12.d4 dxc4 13.bxc4 bxc4 14.Bxc4 e5
15.O-O Bd6 16.Qg4 Ra7 17.Bb2 h5 18.Qe4 O-O 19.Rad1 Bb8 20.Kh1 Qg5 21.dxe5 Nxe5
22.Rd5 Re8 23.Bb3 Rae7 24.Ba3 Re6 25.Ra5 Rf6 26.Bb2 Qg3 27.f4 Qg6 28.Qxg6 Nxg6
29.Bxf6 gxf6 30.Rxa6 Kg7 31.Rb6 Nh4 32.Rb5 Ng6 33.Rb7 Rf8 34.Rd1 h4 35.Rdd7 Nh8
36.Kg1  1-0

[Event "FSIM June"]
[Site "Budapest HUN"]
[Date "2002.06.04"]
[Round "4"]
[White "Farago,S"]
[Black "Bui Vinh"]
[Result "0-1"]
[WhiteElo "2286"]
[BlackElo "2420"]

1.c4 c6 2.Nf3 d5 3.b3 Bf5 4.Bb2 e6 5.g3 h6 6.Bg2 Nf6 7.O-O Be7 8.d3 O-O 9.Nbd2 a5
10.a3 Na6 11.Rc1 Bh7 12.Qc2 Qb6 13.Bd4 c5 14.Bb2 d4 15.e3 dxe3 16.fxe3 Rad8
17.Ne5 Nb8 18.Ndf3 Nfd7 19.Rcd1 Bf6 20.Nxd7 Nxd7 21.Bxf6 Nxf6 22.Ne5 Nd7
23.Ng4 Bf5 24.Nf2 Nf6 25.Qc3 Qc7 26.d4 b6 27.Rfe1 Rfe8 28.Rd2 Bg6 29.Bf3 Rd6
30.dxc5 Rxd2 31.Qxd2 bxc5 32.Qc3 Rb8 33.e4 Nd7 34.e5 Qb6 35.Re3 Qa7 36.Bc6 Rd8
37.Be4 Bxe4 38.Nxe4 a4 39.b4 cxb4 40.axb4 Nxe5 41.Nf2 Nxc4 42.Re1 Rd2 43.Rf1 Qd4
44.Qf3 Ne5 45.Qa8+ Kh7 46.b5 Rxf2 47.Rxf2 Nd3 48.Qf3 a3 49.Kg2 Qxf2+ 50.Qxf2 Nxf2
51.b6 a2 52.b7 a1=Q  0-1

[Event "Open"]
[Site "Lido Estensi ITA"]
[Date "2002.06.07"]
[Round "1"]
[White "Rotstein,A"]
[Black "Schmitz,A"]
[Result "1-0"]
[WhiteElo "2553"]
[BlackElo "2161"]

1.c4 c6 2.Nf3 d5 3.e3 Nf6 4.Nc3 Nbd7 5.Qc2 e6 6.b3 Bd6 7.Bb2 O-O 8.Be2 b6
9.Rg1 Bb7 10.g4 c5 11.g5 Ne4 12.cxd5 exd5 13.Nxe4 dxe4 14.Qc3 f6 15.gxf6 Rxf6
16.Ng5 Be5 17.Qc2 Bxb2 18.Bc4+ Kh8 19.Qxb2 Qe7 20.Ne6 Rg8 21.Nf4 Ne5 22.O-O-O Nxc4
23.bxc4 Qf7 24.Qc2 a6 25.h4 b5 26.Rg5 Rf5 27.Rdg1 h6 28.Rg6 Rf6 29.h5 Qxc4
30.Qxc4 bxc4 31.Kc2 Rxg6 32.Rxg6 Rc8 33.Kc3 Rd8 34.Rb6 Bd5 35.Rxa6 Bf7 36.Ra5 Rc8
37.a4 Rc6 38.Rb5 Ra6 39.a5 Kh7 40.Rxc5 g5 41.hxg6+ Bxg6 42.Kxc4  1-0

[Event "FSGM June"]
[Site "Budapest HUN"]
[Date "2002.06.08"]
[Round "8"]
[White "Postny,E"]
[Black "Erenburg,S"]
[Result "1/2-1/2"]
[WhiteElo "2482"]
[BlackElo "2450"]

1.c4 c6 2.Nf3 d5 3.d4 Nf6 4.Nc3 e6 5.Bg5 Nbd7 6.e3 Qa5 7.Nd2 Bb4 8.Qc2 O-O
9.Bh4 c5 10.dxc5 Qxc5 11.a3 Bxc3 12.Qxc3 b6 13.Be2 Ba6 14.cxd5 Bxe2 15.Qxc5 Nxc5
16.Kxe2 Nxd5 17.Rac1 f6 18.Rhd1 Rfc8 19.Rc2 Ne7 20.Rdc1 Kf8 21.f3 e5 22.Be1 Ne6
23.Ne4 Rxc2+ 24.Rxc2 Rc8 25.Rxc8+ Nxc8 26.Kd3 Ke8 27.Kc4 Kd7 28.Bb4 Kc6 29.a4 a6
30.b3  1/2-1/2